"Capricorn" Vampire Weekend Lyrics - Statistics

General Stats
  • This quiz has been taken 11 times
  • The average score is 93 of 146
Answer Stats
Lyrics % Correct
born
100%
Capricorn
100%
I
100%
of
100%
the
100%
to
100%
too
100%
were
100%
year
100%
you
100%
young
100%
your
100%
a
83%
alone
83%
centuries
83%
die
83%
dying
83%
for
83%
in
83%
moments
83%
old
83%
on
83%
own
83%
that
83%
through
83%
was
83%
when
83%
and
67%
different
67%
do
67%
don't
67%
fast
67%
God
67%
have
67%
it
67%
listen
67%
live
67%
looked
67%
moon
67%
next
67%
no
67%
one
67%
side
67%
sifting
67%
try
67%
wasn't
67%
who
67%
world
67%
yours
67%
baby
50%
Can't
50%
can't
50%
finished
50%
not
50%
reach
50%
tide
50%
time
50%
trying
50%
but
33%
called
33%
care
33%
clearly
33%
coming
33%
didn't
33%
hospital
33%
I'd
33%
It's
33%
know
33%
my
33%
now
33%
prime
33%
seen
33%
surprise
33%
they
33%
tired
33%
turn
33%
why
33%
you're
33%
answers
17%
are
17%
builds
17%
days
17%
dollars
17%
find
17%
future
17%
good
17%
hundred
17%
just
17%
mine
17%
weren't
17%
wounded
17%
dime
0%
someone's
0%
there
0%
No matching quizzes found
Score Distribution
Percent of People with Each Score
Percentile by Number Answered
Your Score History
You have not taken this quiz